[Event "1.GRS Open"]
[Site "Ober-Ramstadt, Modauhalle"]
[Date "2024.07.28"]
[Round "4.17"]
[White "Klamser, Dietmar"]
[Black "Wolf, Ulrich Martin"]
[Result "0-1"]
[WhiteElo "1840"]
[BlackElo "2187"]
[PlyCount "58"]
[EventDate "2024.07.26"]
[WhiteTeam "SC Groß-Umstadt"]
[BlackTeam "SK Bad Homburg 1927"]

1. e4 c5 2. Nf3 Nc6 3. Bc4 e6 4. Nc3 a6 5. a4 Nf6 6. Qe2 d6 7. d3 Be7 8. Bg5 O-O 9. O-O Bd7 10. Qd2 h6 11. Be3 Ng4 12. Ba2 Nxe3 13. fxe3 Bf6 14. Nd1 b5 15. axb5 axb5 16. c3 Ra6 17. e5 Nxe5 18. Nxe5 Bxe5 19. d4 Bf6 20. b3 cxd4 21. cxd4 Bg5 22. b4 Qa8 23. Rf2 Rc8 24. Nc3 Ra3 25. Rc1 Qc6 26. d5 Qc7 27. Ne2 Qxc1+ 28. Nxc1 Bxe3 29. Qb2 Rxc1+ 0-1

[Event "1.GRS Open"]
[Site "Ober-Ramstadt, Modauhalle"]
[Date "2024.07.28"]
[Round "4.18"]
[White "Koholka, Jan"]
[Black "Hahn, Werner"]
[Result "0-1"]
[WhiteElo "1834"]
[BlackElo "2171"]
[PlyCount "120"]
[EventDate "2024.07.26"]
[WhiteTeam "SK Langen"]
[BlackTeam "SC Schachmatt Weiterstadt"]

1. e4 c5 2. Nf3 d6 3. d4 cxd4 4. Nxd4 Nf6 5. Nc3 a6 6. Bg5 e6 7. f4 Qb6 8. Qd2 Qxb2 9. Rb1 Qa3 10. e5 h6 11. Bh4 dxe5 12. fxe5 Nfd7 13. Be2 Be7 14. Bg3 Qa5 15. O-O O-O 16. Ne4 Qxd2 17. Nxd2 Bg5 18. N2b3 b6 19. Bg4 Bb7 20. Rbd1 Bd5 21. Nf3 Be7 22. Rfe1 Nc5 23. Bf2 Nbd7 24. Re2 Rfd8 25. Bd4 Rac8 26. Ne1 a5 27. Bf3 Bxf3 28. gxf3 a4 29. Nd2 Nb8 30. c3 Nc6 31. Ne4 Rd5 32. f4 Nxe4 33. Rxe4 Rb5 34. Nf3 Na5 35. Re2 a3 36. Kf2 Kf8 37. Ne1 Ke8 38. Kf3 Nc4 39. Ke4 Rb2 40. Kf3 Ra8 41. Nd3 Rb5 42. Ke4 Rd5 43. f5 Raa5 44. fxe6 fxe6 45. Rg1 g5 46. Rb1 Rab5 47. Rb3 Na5 48. Rxb5 Rxb5 49. Kf3 Nc4 50. Kg4 Rb1 51. Kh5 Bf8 52. Kg6 Rd1 53. Nf2 Rb1 54. Nd3 Rf1 55. Rc2 Rf3 56. Nf2 Rf5 57. Re2 b5 58. Re1 Nb2 59. Ne4 Nd3 60. Re2 Nf4+ 0-1

[Event "1.GRS Open"]
[Site "Ober-Ramstadt, Modauhalle"]
[Date "2024.07.28"]
[Round "4.19"]
[White "Staudacher, Magnus Johann"]
[Black "Erhardt, Daniel"]
[Result "1-0"]
[WhiteElo "2115"]
[BlackElo "1791"]
[PlyCount "103"]
[EventDate "2024.07.26"]
[WhiteTeam "SK Bremen-Nord"]
[BlackTeam "SC Ostfildern 1952 e.V."]

1. Nf3 d5 2. e3 c5 3. b3 Nc6 4. Bb2 Bf5 5. Bb5 a6 6. Bxc6+ bxc6 7. Ne5 Qc7 8. d3 e6 9. g4 Bg6 10. h4 Bd6 11. f4 f6 12. Nf3 Nh6 13. Rg1 d4 14. exd4 Bxf4 15. Qe2 O-O 16. h5 Bf7 17. Nbd2 Bg3+ 18. Kd1 cxd4 19. Ne4 Bf4 20. Nxd4 Qb6 21. c4 e5 22. c5 Qb7 23. Nf3 Rab8 24. Bc3 Be6 25. g5 Ng4 26. gxf6 Bxb3+ 27. axb3 Qxb3+ 28. Ke1 Nxf6 29. Nxf6+ Rxf6 30. Qa2 Qxa2 31. Rxa2 Rb1+ 32. Ke2 Rxg1 33. Nxg1 g5 34. Nf3 g4 35. Nxe5 g3 36. Ng4 Rf5 37. Bd4 g2 38. Ra1 Rg5 39. Kf3 Bc7 40. Be3 Rf5+ 41. Kxg2 Kf8 42. h6 a5 43. Rb1 Ke7 44. Nf2 Bf4 45. Rb7+ Kf8 46. Bxf4 Rxf4 47. Rxh7 a4 48. Ra7 Kg8 49. h7+ Kh8 50. Kg3 Rd4 51. Nh3 a3 52. Nf4 1-0

[Event "1.GRS Open"]
[Site "Ober-Ramstadt, Modauhalle"]
[Date "2024.07.28"]
[Round "4.20"]
[White "Raudonat, Luca"]
[Black "Eull, Emil"]
[Result "0-1"]
[WhiteElo "1832"]
[BlackElo "2137"]
[PlyCount "58"]
[EventDate "2024.07.26"]
[WhiteTeam "SC Ramstein-Miesenbach"]
[BlackTeam "SF Neuberg"]

1. e4 c6 2. d4 d5 3. f3 dxe4 4. fxe4 e5 5. Nf3 Bg4 6. Bc4 Nf6 7. Bxf7+ Ke7 8. Bb3 Bxf3 9. Qxf3 Qd6 10. dxe5 Qxe5 11. Nc3 Nbd7 12. Bf4 Qh5 13. Qd3 Ke8 14. Qc4 Nc5 15. Rd1 Nxb3 16. Qe6+ Be7 17. Qxb3 Qc5 18. Qe6 Rf8 19. Rf1 Rf7 20. Ke2 Qh5+ 21. Rf3 Kf8 22. Bd6 Re8 23. Kf1 Bxd6 24. Qxd6+ Kg8 25. Re1 Ng4 26. Ke2 Nxh2 27. Rh1 Rxf3 28. Rxh2 Rh3+ 29. g4 Rxh2+ 0-1

[Event "1.GRS Open"]
[Site "Ober-Ramstadt, Modauhalle"]
[Date "2024.07.28"]
[Round "4.21"]
[White "Gärtner, Johannes"]
[Black "Akhmatovski, Maxim"]
[Result "0-1"]
[WhiteElo "1811"]
[BlackElo "2074"]
[PlyCount "88"]
[EventDate "2024.07.26"]
[WhiteTeam "Sfr.Mainz 1928"]
[BlackTeam "SV Oberursel"]

1. e4 e6 2. d4 d5 3. e5 c5 4. c3 Nc6 5. Nf3 Qb6 6. a3 c4 7. Nbd2 Na5 8. Be2 Bd7 9. O-O Ne7 10. Rb1 Qc7 11. Ne1 Nc8 12. f4 Nb6 13. Nef3 Be7 14. Qe1 O-O-O 15. Rf2 h6 16. b3 cxb3 17. Nxb3 Nxb3 18. Rxb3 Kb8 19. Bd3 Rc8 20. Bd2 Ba4 21. Rb1 Nc4 22. Bxc4 Qxc4 23. Qc1 b5 24. Ne1 g6 25. Nc2 a6 26. Nb4 Ka7 27. Rf3 a5 28. Nc2 Bxc2 29. Qxc2 Ka6 30. Qb2 Rb8 31. Rff1 Rhc8 32. Rfc1 Qd3 33. Be1 g5 34. fxg5 Bxg5 35. Rd1 Be3+ 36. Bf2 Qxc3 37. Qxc3 Rxc3 38. Bxe3 Rxe3 39. Rdc1 Rxa3 40. Rc6+ Rb6 41. Rc8 b4 42. Rbc1 b3 43. Ra8+ Kb5 44. Rb1 Ka4 0-1

[Event "1.GRS Open"]
[Site "Ober-Ramstadt, Modauhalle"]
[Date "2024.07.28"]
[Round "4.22"]
[White "Lerch, Cornelia"]
[Black "Nies, Peter"]
[Result "0-1"]
[WhiteElo "1806"]
[BlackElo "2079"]
[PlyCount "58"]
[EventDate "2024.07.26"]
[WhiteTeam "SK 1980 Gernsheim"]
[BlackTeam "SK 1980 Gernsheim"]

1. e4 e6 2. d4 d5 3. exd5 exd5 4. Nf3 Bg4 5. Be2 Bd6 6. h3 Bh5 7. Be3 Nd7 8. O-O Ngf6 9. Nbd2 c6 10. c4 Rc8 11. Rc1 Bb8 12. Qb3 Qc7 13. Rfe1 O-O 14. Nf1 dxc4 15. Qxc4 Nb6 16. Qd3 Bg6 17. Qd2 Nbd5 18. a3 Ne4 19. Qd1 Rce8 20. b4 Nec3 21. Qb3 Nxe2+ 22. Rxe2 Qd7 23. a4 Nf4 24. Rd2 Nxh3+ 25. gxh3 Qxh3 26. Ng3 Bxg3 27. fxg3 Qxg3+ 28. Rg2 Qxf3 29. Re1 Re4 0-1

[Event "1.GRS Open"]
[Site "Ober-Ramstadt, Modauhalle"]
[Date "2024.07.28"]
[Round "4.23"]
[White "Wenzel, Calvin"]
[Black "Olson, Philip Christoph"]
[Result "1-0"]
[WhiteElo "2022"]
[BlackElo "1776"]
[PlyCount "55"]
[EventDate "2024.07.26"]
[WhiteTeam "SK 1980 Gernsheim"]
[BlackTeam "SC Bad Nauheim"]

1. e4 c5 2. Nf3 d6 3. d4 cxd4 4. Nxd4 Nf6 5. Nc3 a6 6. Bg5 e6 7. f4 Be7 8. Qf3 Qc7 9. O-O-O Nbd7 10. g4 h6 11. Bh4 g5 12. fxg5 Ne5 13. Qg3 Nfxg4 14. g6 fxg6 15. Be2 Nf6 16. Qg2 Bd7 17. Nf3 g5 18. Nxe5 dxe5 19. Bf2 O-O-O 20. Rhf1 Rdg8 21. Qg1 Qc6 22. Bg3 Qc7 23. Qa7 Qa5 24. Nb5 Bxb5 25. Bxe5 Nd5 26. Rxd5 exd5 27. Bg4+ Bd7 28. Qb8# 1-0

[Event "1.GRS Open"]
[Site "Ober-Ramstadt, Modauhalle"]
[Date "2024.07.28"]
[Round "4.24"]
[White "Steigleder, Maximilian"]
[Black "Özdemir, Ali Özden"]
[Result "1-0"]
[WhiteElo "1764"]
[BlackElo "2064"]
[PlyCount "67"]
[EventDate "2024.07.26"]
[WhiteTeam "Sfr.1932 Kelkheim"]
[BlackTeam "SK Langen"]

1. e4 c5 2. c3 d5 3. exd5 Qxd5 4. d4 g6 5. Nf3 Bg7 6. Be3 cxd4 7. Bxd4 Nf6 8. Nbd2 Nc6 9. Bc4 Qh5 10. O-O O-O 11. Re1 b6 12. Bxf6 exf6 13. Nd4 Qc5 14. b4 Nxb4 15. N4b3 Qd6 16. cxb4 Qxb4 17. Bd5 Rb8 18. Nf3 Ba6 19. Re4 Qa3 20. Qc1 Qd6 21. Rd4 Qe7 22. Qe1 Qa3 23. Qb4 Qxb4 24. Rxb4 Rbd8 25. Bc4 Bb7 26. Be2 Rfe8 27. Kf1 f5 28. Rc1 Re7 29. Rbc4 Bb2 30. Rc7 Bxf3 31. Rxe7 Bxe2+ 32. Kxe2 Bxc1 33. Nxc1 Rc8 34. Kd2 1-0

[Event "1.GRS Open"]
[Site "Ober-Ramstadt, Modauhalle"]
[Date "2024.07.28"]
[Round "4.25"]
[White "Burkart, Lloyd Shang"]
[Black "Brauer, Julian"]
[Result "1-0"]
[WhiteElo "2071"]
[BlackElo "1770"]
[PlyCount "45"]
[EventDate "2024.07.26"]
[WhiteTeam "SV 1920 Hofheim"]
[BlackTeam "SC Herxheim"]

1. d4 Nf6 2. c4 g6 3. Nc3 Bg7 4. e4 d6 5. f3 a5 6. Be3 Bd7 7. Qd2 Na6 8. Nge2 c5 9. d5 Rb8 10. g4 a4 11. Ng3 Qa5 12. a3 Nc7 13. e5 Nxg4 14. exd6 exd6 15. fxg4 Bxg4 16. Bg2 O-O 17. O-O Rfe8 18. Bh6 Bd4+ 19. Kh1 b5 20. Nge4 b4 21. axb4 Qxb4 22. Nxd6 Re7 23. Qg5 1-0

[Event "1.GRS Open"]
[Site "Ober-Ramstadt, Modauhalle"]
[Date "2024.07.28"]
[Round "4.26"]
[White "Haas, Vanessa"]
[Black "Rosenberger, Frank"]
[Result "0-1"]
[WhiteElo "1775"]
[BlackElo "2062"]
[PlyCount "67"]
[EventDate "2024.07.26"]
[WhiteTeam "SC FK Babenhausen 1994"]
[BlackTeam "SK 1980 Gernsheim"]

1. e4 c5 2. Nf3 Nc6 3. d4 cxd4 4. Nxd4 Qb6 5. Nb3 Nf6 6. Nc3 e6 7. Bd3 a6 8. O-O d6 9. Be3 Qc7 10. f4 Be7 11. a3 b5 12. Qf3 Bb7 13. Qg3 g6 14. Rac1 Rc8 15. Nd2 Rg8 16. Ne2 d5 17. exd5 Nxd5 18. Bf2 Nf6 19. Be3 Na5 20. c3 Nc4 21. Nxc4 bxc4 22. Bc2 Bc6 23. Nd4 Bd7 24. Rcd1 Rb8 25. Rb1 Nd5 26. Bd2 Rb7 27. Be4 Bc6 28. Nxc6 Qxc6 29. f5 Bd6 30. Bxd5 Qxd5 31. Qg5 f6 32. Qxf6 gxf5 33. Rf2 Bc5 34. Rbf1 0-1

[Event "1.GRS Open"]
[Site "Ober-Ramstadt, Modauhalle"]
[Date "2024.07.28"]
[Round "4.27"]
[White "Vladov, Arsenii"]
[Black "Feick, Claas Marten"]
[Result "1-0"]
[WhiteElo "2059"]
[BlackElo "1767"]
[PlyCount "141"]
[EventDate "2024.07.26"]
[WhiteTeam "Westerburg"]
[BlackTeam "SF Neuberg"]

1. Nf3 f5 2. g3 Nf6 3. Bg2 d6 4. d4 g6 5. b3 Bg7 6. Bb2 O-O 7. O-O c6 8. Nbd2 Ne4 9. c4 a5 10. Qc2 Nxd2 11. Qxd2 Qc7 12. d5 Bxb2 13. Qxb2 e5 14. dxe6 Bxe6 15. Rad1 Na6 16. Rd4 Rad8 17. Rfd1 Rd7 18. Qd2 Rfd8 19. Qh6 Nc5 20. h4 Rg7 21. h5 Bc8 22. Qd2 Ne4 23. Qe3 Nf6 24. h6 Re7 25. Qf4 Rxe2 26. Rxd6 Rxd6 27. Qxd6 Qxd6 28. Rxd6 Re6 29. Rd2 Kf8 30. Rd8+ Re8 31. Rxe8+ Kxe8 32. Ng5 Ng4 33. Nxh7 Nxh6 34. Ng5 Ke7 35. c5 Be6 36. Kf1 a4 37. bxa4 Bxa2 38. f4 Ng4 39. Ke2 Nf6 40. Ke3 Nh5 41. a5 Bc4 42. Kf2 Nf6 43. Bf3 Nd7 44. Ke3 Bf1 45. Kd4 Nf6 46. Bd1 Bb5 47. Nh3 Ne4 48. g4 Bf1 49. gxf5 gxf5 50. Ng5 Nf2 51. Bc2 Kf6 52. Ke3 Ng4+ 53. Kd4 Ba6 54. Nh7+ Kg6 55. Nf8+ Kf7 56. Nd7 Ke6 57. Nb6 Nf6 58. Bb3+ Ke7 59. Nc8+ Kd7 60. Nd6 Nh5 61. Ke5 Bd3 62. Be6+ Ke7 63. Bxf5 Bxf5 64. Kxf5 Ng3+ 65. Ke5 Ne2 66. Nxb7 Nc3 67. a6 Nb5 68. f5 Na7 69. f6+ Kf7 70. Nd8+ Kf8 71. Kd6 1-0

[Event "1.GRS Open"]
[Site "Ober-Ramstadt, Modauhalle"]
[Date "2024.07.28"]
[Round "4.28"]
[White "Datta, Anupam"]
[Black "Windmüller, Simon"]
[Result "0-1"]
[WhiteElo "1770"]
[BlackElo "1976"]
[PlyCount "66"]
[EventDate "2024.07.26"]
[WhiteTeam "Brühler Schachklub 1920 e. V."]
[BlackTeam "SC Turm Illingen"]

1. e4 c5 2. Nf3 d6 3. c3 Nf6 4. Bd3 Nc6 5. Bc2 Bg4 6. d4 cxd4 7. cxd4 Bxf3 8. gxf3 g6 9. Ba4 Nd7 10. d5 Ncb8 11. Qd4 Rg8 12. Bf4 Bg7 13. e5 Kf8 14. Qb4 Qb6 15. Qxb6 Nxb6 16. Bb3 Bxe5 17. Bxe5 dxe5 18. O-O Kg7 19. Re1 N8d7 20. Nd2 Rgd8 21. Rad1 Nf6 22. Rxe5 Nbxd5 23. Ne4 e6 24. Ng5 h6 25. Nh3 Rac8 26. Kg2 Ne7 27. Rxd8 Rxd8 28. Rb5 b6 29. Nf4 Ned5 30. Nxd5 Nxd5 31. Bc2 Nf4+ 32. Kg3 Ne2+ 33. Kg2 Nd4 0-1

[Event "1.GRS Open"]
[Site "Ober-Ramstadt, Modauhalle"]
[Date "2024.07.28"]
[Round "4.29"]
[White "Vorsilka, Jiri"]
[Black "Li, Maxim"]
[Result "0-1"]
[WhiteElo "1723"]
[BlackElo "2044"]
[PlyCount "62"]
[EventDate "2024.07.26"]
[WhiteTeam "Oaza Praha"]
[BlackTeam "Wiesbadener SV 1885"]

1. c4 e5 2. Nc3 Nc6 3. g3 g6 4. Bg2 Bg7 5. e4 Nd4 6. Nge2 Ne6 7. O-O d6 8. d3 g5 9. Be3 c5 10. a3 h5 11. h3 Nh6 12. b4 h4 13. g4 Nf4 14. Bxf4 exf4 15. f3 Ng8 16. b5 Qa5 17. Qb3 Ne7 18. Rab1 O-O 19. Nd5 Ng6 20. Rfd1 Be6 21. d4 Bxd5 22. cxd5 cxd4 23. Qb4 Qxb4 24. Rxb4 Rfc8 25. Nxd4 Bxd4+ 26. Rbxd4 Rc3 27. R4d3 Rac8 28. a4 Ne5 29. Rxc3 Rxc3 30. Kf2 Rc2+ 31. Kf1 Nc4 0-1

[Event "1.GRS Open"]
[Site "Ober-Ramstadt, Modauhalle"]
[Date "2024.07.28"]
[Round "4.30"]
[White "Geske, Bruna"]
[Black "Kirchner, Stefan"]
[Result "1-0"]
[WhiteElo "2024"]
[BlackElo "1692"]
[PlyCount "105"]
[EventDate "2024.07.26"]
[WhiteTeam "Wiesbadener SV 1885"]
[BlackTeam "SF Schöneck"]

1. e4 e6 2. d4 d5 3. Bd3 dxe4 4. Bxe4 Nf6 5. Bf3 c5 6. c3 Nc6 7. Ne2 Be7 8. O-O Qc7 9. Be3 O-O 10. Na3 a6 11. Nc4 Rd8 12. Qc1 Nd5 13. dxc5 Nxe3 14. Qxe3 Na5 15. Nxa5 Qxa5 16. b4 Qc7 17. Qe4 Rb8 18. Rad1 Bd7 19. Rfe1 Bc6 20. Qe3 Rxd1 21. Rxd1 Rd8 22. Rxd8+ Bxd8 23. h3 h6 24. Nd4 Bg5 25. Qe2 Bd7 26. Qe4 Bc8 27. Nb3 f5 28. Qc4 b5 29. Qd3 e5 30. Qd5+ Kf8 31. Bh5 Qe7 32. c6 Qe6 33. Qc5+ Be7 34. Qb6 g6 35. Nc5 Qd6 36. Be2 Bd8 37. Nb7 Bxb6 38. Nxd6 Be6 39. c4 bxc4 40. Nxc4 Bc7 41. a4 Bxc4 42. Bxc4 a5 43. b5 Ke7 44. f3 g5 45. Kf2 Bb6+ 46. Ke2 f4 47. Kd3 Kd6 48. Ke4 Bd8 49. Bd3 Ke6 50. Bc2 Kd6 51. Kf5 Be7 52. Kg6 Bf8 53. Kf7 1-0

[Event "1.GRS Open"]
[Site "Ober-Ramstadt, Modauhalle"]
[Date "2024.07.28"]
[Round "4.31"]
[White "Weber, Nikita"]
[Black "Keller, Konstantin"]
[Result "1-0"]
[WhiteElo "2010"]
[BlackElo "1687"]
[PlyCount "75"]
[EventDate "2024.07.26"]
[WhiteTeam "Vorw.Orient Mainz"]
[BlackTeam "SV 1920 Hofheim"]

1. Nf3 Nf6 2. b3 b6 3. g3 g6 4. Bb2 Bg7 5. Bg2 Bb7 6. O-O O-O 7. d4 d6 8. c4 Nbd7 9. Nbd2 e6 10. Qc2 c5 11. e3 Qc7 12. Rad1 Rad8 13. Rfe1 Rfe8 14. e4 e5 15. d5 Nh5 16. Bh3 Bc8 17. Nf1 Bh6 18. Bc1 Bxc1 19. Qxc1 Ndf6 20. Bxc8 Qxc8 21. Kg2 Kg7 22. h3 Ng8 23. Nh4 h6 24. f4 f6 25. f5 g5 26. Nf3 Kf7 27. h4 Ne7 28. hxg5 hxg5 29. Ne3 Rh8 30. Rh1 Qa6 31. a4 Qb7 32. Rh2 Ng7 33. Rdh1 Qb8 34. Ng4 Rxh2+ 35. Rxh2 Rh8 36. Nh6+ Ke8 37. Nxg5 fxg5 38. Qxg5 1-0

[Event "1.GRS Open"]
[Site "Ober-Ramstadt, Modauhalle"]
[Date "2024.07.28"]
[Round "4.32"]
[White "Marcziter, Alex"]
[Black "Marinov, Alexander Valentin"]
[Result "1-0"]
[WhiteElo "2024"]
[BlackElo "1588"]
[PlyCount "59"]
[EventDate "2024.07.26"]
[WhiteTeam "SG Porz"]
[BlackTeam "SV 1920 Hofheim"]

1. e4 c5 2. Nc3 a6 3. g3 b5 4. Bg2 Bb7 5. d3 e6 6. f4 Be7 7. Nh3 d5 8. e5 Nc6 9. O-O h6 10. f5 Nxe5 11. fxe6 f6 12. Bf4 h5 13. Bxe5 fxe5 14. Rf5 Nf6 15. Rxe5 Qd6 16. Qe2 O-O-O 17. Ng5 Ng4 18. Nf7 Qc7 19. Nxd8 Qxe5 20. Qxe5 Nxe5 21. Nxb7 Kxb7 22. Nxd5 Bd6 23. Rf1 Kc8 24. Bh3 Kd8 25. Rf5 g6 26. e7+ Ke8 27. Rf6 Nf7 28. Re6 Be5 29. Rxa6 Nd6 30. Be6 1-0

[Event "1.GRS Open"]
[Site "Ober-Ramstadt, Modauhalle"]
[Date "2024.07.28"]
[Round "4.36"]
[White "Himmelspacht, Maxim"]
[Black "Heimrath, Reiner"]
[Result "0-1"]
[WhiteElo "1824"]
[BlackElo "2140"]
[PlyCount "60"]
[EventDate "2024.07.26"]
[WhiteTeam "SK 1858 Gießen"]
[BlackTeam "SC Noris-Tarrasch Nürnberg 1873"]

1. e4 d6 2. d4 Nf6 3. Nc3 e5 4. dxe5 dxe5 5. Qxd8+ Kxd8 6. Be3 Be6 7. O-O-O+ Kc8 8. a3 Nbd7 9. f3 a6 10. g3 Bc5 11. Bxc5 Nxc5 12. Bh3 c6 13. b4 Bxh3 14. Nxh3 Ne6 15. Ne2 a5 16. Kb2 Kc7 17. Ra1 Rhd8 18. Rad1 Re8 19. Kb3 h6 20. c4 axb4 21. axb4 Ra6 22. Ra1 Rxa1 23. Rxa1 Rd8 24. Kc2 Nd7 25. Rd1 Ra8 26. Kb3 c5 27. f4 cxb4 28. Kxb4 Ra2 29. Nhg1 Nec5 30. Nc3 Rb2+ 0-1

[Event "1.GRS Open"]
[Site "Ober-Ramstadt, Modauhalle"]
[Date "2024.07.28"]
[Round "4.37"]
[White "Gläßer, Vanessa"]
[Black "Kirchner, Markus"]
[Result "0-1"]
[WhiteElo "1819"]
[BlackElo "2159"]
[PlyCount "70"]
[EventDate "2024.07.26"]
[WhiteTeam "SC Ladja Roßdorf"]
[BlackTeam "SC Heusenstamm"]

1. d4 f5 2. c4 Nf6 3. Nc3 g6 4. Nf3 Bg7 5. Bf4 d6 6. e3 O-O 7. Be2 c6 8. b4 h6 9. h3 Nbd7 10. Qb3 Kh7 11. Rd1 Qe8 12. d5 c5 13. a3 Qd8 14. O-O a5 15. bxc5 Nxc5 16. Qc2 Bd7 17. Rb1 Rc8 18. Nd4 Nfe4 19. Ncb5 Qe8 20. f3 Nf6 21. Kf2 Bxb5 22. Rxb5 Nxd5 23. Qd2 Nc7 24. Rxc5 dxc5 25. Bxc7 cxd4 26. Bxa5 dxe3+ 27. Qxe3 Qa4 28. Bb4 Rfd8 29. Qxe7 Re8 30. Qd6 Qc2 31. Qd2 Bd4+ 32. Ke1 Rxe2+ 33. Qxe2 Qc1+ 34. Qd1 Re8+ 35. Be7 Rxe7# 0-1

[Event "1.GRS Open"]
[Site "Ober-Ramstadt, Modauhalle"]
[Date "2024.07.28"]
[Round "4.38"]
[White "John, Volkmar"]
[Black "Lukas, Anne"]
[Result "0-1"]
[WhiteElo "1782"]
[BlackElo "2024"]
[PlyCount "58"]
[EventDate "2024.07.26"]
[WhiteTeam "SK Herborn 1946"]
[BlackTeam "SK 1980 Gernsheim"]

1. c4 Nf6 2. Nc3 e5 3. g3 g6 4. Bg2 Bg7 5. e3 O-O 6. Nge2 d6 7. O-O Nc6 8. d4 a6 9. a3 Bd7 10. b4 h5 11. Bb2 h4 12. dxe5 Nxe5 13. c5 Nc4 14. Qc2 Bf5 15. Qc1 Ng4 16. Nd4 Bd7 17. cxd6 Nxd6 18. Ne4 Nxe4 19. Bxe4 c6 20. Qc2 Qe7 21. Bg2 Rad8 22. Rad1 hxg3 23. hxg3 Qe5 24. Nxc6 Qh5 25. Ne7+ Kh7 26. Rfe1 Qh2+ 27. Kf1 Bb5+ 28. Re2 Rxd1+ 29. Qxd1 Bxb2 0-1

[Event "1.GRS Open"]
[Site "Ober-Ramstadt, Modauhalle"]
[Date "2024.07.28"]
[Round "4.39"]
[White "Rohatgi, Kushagra"]
[Black "Wuerl, Roland"]
[Result "0-1"]
[WhiteElo "1780"]
[BlackElo "2003"]
[PlyCount "100"]
[EventDate "2024.07.26"]
[WhiteTeam "SAbt TuS Makkabi Ffm"]
[BlackTeam "SC FK Babenhausen 1994"]

1. e4 c5 2. Nf3 d6 3. d4 cxd4 4. Nxd4 Nf6 5. Nc3 Nc6 6. Be2 e5 7. Nf3 h6 8. h3 Be7 9. Be3 Be6 10. O-O O-O 11. Qd2 a6 12. Rad1 Na5 13. Rfe1 Nc4 14. Bxc4 Bxc4 15. Nh4 Be6 16. Nf3 Qc7 17. a3 b5 18. Nh2 Qb7 19. Nf1 Rfd8 20. Qe2 Rac8 21. Ng3 Rc4 22. Rd2 Rdc8 23. Red1 b4 24. Na4 bxa3 25. Nb6 axb2 26. Rb1 Rb4 27. c4 Rxb6 28. Bxb6 Qxb6 29. Rdxb2 Qc5 30. Rb8 Rxb8 31. Rxb8+ Bf8 32. Nf5 Bxf5 33. exf5 e4 34. Qa2 d5 35. Qxa6 e3 36. Qb5 exf2+ 37. Kf1 Qe3 38. Qb4 Qc1+ 39. Kxf2 Ne4+ 40. Kf3 Qf1+ 41. Ke3 Qf2+ 42. Kd3 Nc5+ 43. Qxc5 Qxc5 44. Rxf8+ Kxf8 45. cxd5 Qxd5+ 46. Ke2 Qxg2+ 47. Ke1 Ke7 48. f6+ Kxf6 49. h4 g5 50. hxg5+ hxg5 0-1

[Event "1.GRS Open"]
[Site "Ober-Ramstadt, Modauhalle"]
[Date "2024.07.28"]
[Round "4.41"]
[White "Haraszti, Laszlo"]
[Black "Meyer-Jany, Marcel"]
[Result "0-1"]
[WhiteElo "1997"]
[BlackElo "1816"]
[PlyCount "86"]
[EventDate "2024.07.26"]
[WhiteTeam "SC Ladja Roßdorf"]
[BlackTeam "SK Herborn 1946"]

1. e4 c6 2. d4 d5 3. exd5 cxd5 4. Bd3 Nf6 5. Bf4 Bg4 6. Nf3 Qb6 7. Bc1 Bxf3 8. gxf3 Nc6 9. c3 e6 10. Rg1 Qc7 11. f4 g6 12. Qf3 Nxd4 13. Qe3 Nf5 14. Bxf5 gxf5 15. Qd4 Be7 16. Be3 a6 17. Nd2 O-O-O 18. Rg7 Rdf8 19. O-O-O Ng4 20. Rxf7 Rxf7 21. Qxh8+ Qd8 22. Qxd8+ Bxd8 23. Nf3 Bf6 24. h3 Nxe3 25. fxe3 Rg7 26. Rg1 Rxg1+ 27. Nxg1 Kc7 28. Kd2 b5 29. b3 Kc6 30. Kd3 a5 31. Nf3 Kc5 32. Nd2 b4 33. c4 Bc3 34. Nb1 dxc4+ 35. bxc4 Be1 36. a3 b3 37. a4 Bb4 38. h4 h5 39. e4 fxe4+ 40. Kxe4 Kxc4 41. f5 exf5+ 42. Kxf5 Kd3 43. Kg5 Kc2 0-1

[Event "1.GRS Open"]
[Site "Ober-Ramstadt, Modauhalle"]
[Date "2024.07.28"]
[Round "4.42"]
[White "Hurek, Werner"]
[Black "Pioch, Thomas"]
[Result "0-1"]
[WhiteElo "1772"]
[BlackElo "1996"]
[PlyCount "74"]
[EventDate "2024.07.26"]
[WhiteTeam "SC 1924 Lampertheim"]
[BlackTeam "SC Flörsheim 1921"]

1. e4 e6 2. d4 d5 3. exd5 exd5 4. c4 Nf6 5. Bg5 Bb4+ 6. Nc3 O-O 7. cxd5 Re8+ 8. Be2 Qxd5 9. Bxf6 Qxg2 10. Kd2 gxf6 11. Nf3 Qxf2 12. Rf1 Qe3+ 13. Kc2 Bxc3 14. Bd3 Ba5 15. Ne5 Rxe5 16. dxe5 Nc6 17. Rg1+ Kf8 18. a3 Nxe5 19. Bxh7 Qf2+ 20. Kc1 Qf4+ 21. Kb1 Bf5+ 22. Bxf5 Qxf5+ 23. Ka2 Qe6+ 24. b3 Ke7 25. Rg2 Rd8 26. Qc2 Bb6 27. Re1 a5 28. Re4 Qd5 29. Rge2 c6 30. h4 Qd3 31. Qc1 Rd5 32. a4 Rc5 33. Qa3 Ke6 34. Qb2 Rd5 35. h5 Qd1 36. Rh4 Bd4 37. Qd2 Qa1# 0-1

[Event "1.GRS Open"]
[Site "Ober-Ramstadt, Modauhalle"]
[Date "2024.07.28"]
[Round "4.43"]
[White "Weber, Andreas"]
[Black "Bauch, Martin"]
[Result "1/2-1/2"]
[WhiteElo "1759"]
[BlackElo "1976"]
[PlyCount "43"]
[EventDate "2024.07.26"]
[WhiteTeam "SV Oberursel"]
[BlackTeam "SC Ober-Ramstadt"]

1. Nf3 Nf6 2. g3 g6 3. Bg2 Bg7 4. O-O O-O 5. d3 d5 6. Nbd2 Be6 7. e4 dxe4 8. dxe4 c6 9. Qe2 Qc8 10. Rd1 Bg4 11. Qf1 Nbd7 12. h3 Be6 13. Ng5 Nb6 14. Nxe6 Qxe6 15. Qe2 Rad8 16. a4 a5 17. Re1 Rd4 18. Nb3 Rc4 19. Nxa5 Rxa4 20. Rxa4 Nxa4 21. Qc4 Qxc4 22. Nxc4 1/2-1/2

[Event "1.GRS Open"]
[Site "Ober-Ramstadt, Modauhalle"]
[Date "2024.07.28"]
[Round "4.44"]
[White "Diehm, Alexander"]
[Black "Gnad, Gunnar"]
[Result "1/2-1/2"]
[WhiteElo "1976"]
[BlackElo "1807"]
[PlyCount "30"]
[EventDate "2024.07.26"]
[WhiteTeam "SC FK Babenhausen 1994"]
[BlackTeam "Gambit Bonneweg"]

1. d4 d5 2. Nf3 Nf6 3. e3 e6 4. Bd3 Be7 5. Nbd2 O-O 6. e4 dxe4 7. Nxe4 Nbd7 8. O-O b6 9. Qe2 Bb7 10. Neg5 Bxf3 11. Nxf3 c5 12. c3 Rc8 13. Ba6 Ra8 14. a3 cxd4 15. cxd4 Nd5 1/2-1/2

[Event "1.GRS Open"]
[Site "Ober-Ramstadt, Modauhalle"]
[Date "2024.07.28"]
[Round "4.45"]
[White "Adamczyk, Matthias"]
[Black "Fröhlich-Dill, Astrid"]
[Result "1-0"]
[WhiteElo "1968"]
[BlackElo "1800"]
[PlyCount "103"]
[EventDate "2024.07.26"]
[WhiteTeam "SC Schachmatt Weiterstadt"]
[BlackTeam "SV 1920 Hofheim"]

1. d4 Nf6 2. c4 e6 3. Nf3 b6 4. Nc3 Bb7 5. Bg5 Bb4 6. e3 h6 7. Bh4 O-O 8. Bd3 d5 9. O-O Bxc3 10. bxc3 Nbd7 11. Re1 Qc8 12. Qe2 c5 13. cxd5 exd5 14. Bb5 c4 15. Rab1 Ne4 16. Qc2 Ndf6 17. Qc1 a6 18. Ba4 b5 19. Bd1 g5 20. Bg3 Nxg3 21. hxg3 Ne4 22. Ne5 Qf5 23. Bf3 f6 24. Ng4 Kg7 25. a4 Bc6 26. axb5 axb5 27. Qb2 h5 28. Nh2 g4 29. Bxe4 dxe4 30. Ra1 Qd7 31. Qb4 Rxa1 32. Rxa1 Ra8 33. Rxa8 Bxa8 34. Qc5 Bd5 35. Nf1 Qb7 36. Nd2 f5 37. Nb1 Qc6 38. Qe7+ Bf7 39. Na3 Kg6 40. Nc2 Qa6 41. Na3 Qa4 42. Qc5 Qb3 43. Nxb5 Qd1+ 44. Kh2 Qd2 45. Qd6+ Kg7 46. Qf4 Kg6 47. Nd6 Be6 48. Qe5 Bd7 49. Qe7 Qxf2 50. Qxd7 h4 51. Qf7+ Kg5 52. Nxe4+ 1-0